AC Milan Top 10 Leaders - Statistics

General Stats
  • This quiz has been taken 716 times
  • The average score is 10 of 19
Answer Stats
Goals Apps Player % Correct
33 902 Paolo Maldini
99%
3 412 Cesare Maldini
98%
175 322 Andriy Shevchenko
80%
33 719 Franco Baresi
80%
126 300 Filippo Inzaghi
79%
104 307 Kaká
74%
124 201 Marco van Basten
70%
11 468 Gennaro Gattuso
69%
62 432 Clarence Seedorf
57%
3 663 Alessandro Costacurta
53%
221 268 Gunnar Nordahl
49%
164 658 Gianni Rivera
44%
36 489 Massimo Ambrosini
42%
10 583 Mauro Tassotti
29%
161 246 José Altafini
22%
102 209 Pierino Prati
14%
131 187 Aldo Boffi
6%
2 418 Angelo Anquilletti
4%
106 236 Giuseppe Santagostino
3%
No matching quizzes found
Score Distribution
Percent of People with Each Score
Percentile by Number Answered
Your Score History
You have not taken this quiz